San Antonio Spurs leading scorers each game (2024-2025 season) - Statistics

General Stats
  • This quiz has been taken 17 times
  • The average score is 5 of 10
Answer Stats
# of games Player % Correct
31 Victor Wembanyama
100%
4 De'Aaron Fox
63%
10 Devin Vassell
63%
10 Stephon Castle
63%
2 Jeremy Sochan
56%
11 Keldon Johnson
50%
8 Harrison Barnes
44%
4 Julian Champagnie
44%
1 Sandro Mamukelashvili
38%
1 Zach Collins
25%
No matching quizzes found
Score Distribution
Percent of People with Each Score
Percentile by Number Answered
Your Score History
You have not taken this quiz